000 00601nam a22002057a 4500
003 OSt
005 20250710023301.0
008 250710b |||||||| |||| 00| 0 eng d
020 _a9789812533098
040 _aDWCL - Main lib
_cOC
082 _aCirc. 530 C988i 2010
100 _aCutnell, John D.
245 _a Introduction to physics/
_cJohn D. Cutnell
250 _a8th edition.
260 _aUSA :
_bWiley & Sons,
_cc2010.
300 _axviii, 1007 pages :
_billustrations ;
_c 26 cm.
504 _aIncludes index.
650 _a1. Physics.
942 _2ddc
_cBK-CIRC
_e 8th edition.
_kCirc.
_n0
999 _c3562
_d3562